000 00515pab a2200193 454500
008 180718b2007 xxu||||| |||| 00| 0 eng d
100 _aLewis, Dan
245 _aMoving up and moving out? Economic and residential mobility of low-income Chicago families
260 _c2007
300 _ap.139-70.
362 _aNov
650 _aRacial segregation
650 _aPoverty
650 _aOccupational mobility
700 _aSinha, Vandna
773 _aUrban Affairs Quarterly
908 _aN
909 _a78097
999 _c78097
_d78097